00371nam a22001337a 450000500170000000800410001704100130005808200130007110000130008424500350009726000470013230000320017965000260021120240724090252.0240724b |||||||| |||| 00| 0 eng d aEnglish  a349 SOU  lEnglish  aThe South African Law Reports  aCape Town: bJuta and Company Ltd, c1916  bxiii, 567 pages ; c25 cm.  aLegal practice bLaw